Регионална библиотека "Любен Каравелов" - Русе

Фондацията по българското гражданско право (Запис номер 13559)

MARC детайли
000 -Лидер
Контролно поле с фиксирана дължина 01144nam a2200301 c 4500
003 - Код на организацията, давaща контролен номер
Контролно поле BLK
005 - Дата и час на последна редакция
Контролно поле 20180420214848.0
008 - Елементи от данни с фиксирана дължина
fixed length control field 180412b bul|||||r ||||||| ||bul||
010 ## - Наследен системен номер
LC control number KNG00015217000
040 ## - Източник на каталожния запис
Идентификатор на билиотеката - собственик на записа BLK
041 ## - Код за език
Код за езика на текст/звукозапис или на отделно заглавие Български
Код за езика КДБФ Български
080 ## - УДК
Текстов определител УДК Фондации
УДК код - определител по УДК 061.27
УДК определител .000.34(497.2)
УДК - код + определител 061.27.000.34(497.2)
100 1# - Редна дума - Автор
Автор Бешков, Панчо Георгиев
Авторска отговорност първи автор
R(LIN) 258476
139 ## - Редно поле
Редна дума Бешков, Панчо Георгиев
Авторски знак Беш - Б 43
245 10 - Сведения за заглавието
Заглавие Фондацията по българското гражданско право
Редно поле (дума) Панчо Георгиев Бешков.
257 ## - Страна на издаване
Страна на създаване/издаване България
260 ## - Област на издателските данни
-- София
Име на издателя, разпространителя и проч. Фенея
Година на издаване 1996
300 ## - Физическа характеристика
Страници 128 с.
Размери/Мащаб 20 см
380 ## - Жанр
Жанр Общ отдел
500 ## - Общи забележки
Забележка Съдържа и Правни източници ; Съдебна практика ; Образци за регистрация.
650 #4 - Допълнително описание по предмет – тема
Основно описание – тема или топоним Фондации - България - правни въпроси
9 (RLIN) 258478
653 ## - Ключова дума – ненормативна
Ключова дума право
852 ## - Местоположение
Форматна сигнатура Цб 191029
856 4# - Електронен адрес и достъп
Електронен формат pdf - файл
Път до файла /url/
856 4# - Електронен адрес и достъп
Електронен формат pdf - файл
Път до файла /url/
942 ## - АРТИКУЛИ
Вид на библиотечния материал Книги
Скрит в OPAC Не
944 ## - СЪЗДАВАНЕ И РЕДАКЦИЯ на ЗАПИСА
Създаване/Редакция Създаване
Дата на регистрацията/редакция 15.01.2003
Служител, извършил регистрацията/редакцията Наталия_Медовщикова
944 ## - СЪЗДАВАНЕ И РЕДАКЦИЯ на ЗАПИСА
Създаване/Редакция Редакция
Дата на регистрацията/редакция 09.08.2012
Служител, извършил регистрацията/редакцията
999 ## - СИСТЕМНИ КОНТРОЛНИ НОМЕРА
Koha biblionumber 13559
Koha biblioitemnumber 13559
Наличности
Код за отписване Код за изгубен артикул Източник на класификационната схема Код за повреда Коз за рестрикции Код за отдаване Артикулен № Име на библиотеката - собственик Име на библиотеката, в която се намира в момента Статус (Текущо местоположение) Дата на вписване в системата Местоположение - отдел Цена в лева Инвентарен номер Систематично азбучна сигнатура Баркод Номер на екземпляра Цена в евро Служебен тип на артикула Служебна бележка
  Не е изгубен Universal Decimal Classification Не е повреден без рестрикции ползва се в читалня 23310 Регионална библиотека "Любен Каравелов" Русе Регионална библиотека "Любен Каравелов" Русе Хранилище 2001-01-01 Хранилище 0.00 628234 Цб 191029 120000628234 1 0.00 Книги  
  Не е изгубен Universal Decimal Classification Не е повреден без рестрикции ползва се в читалня 23311 Регионална библиотека "Любен Каравелов" Русе Регионална библиотека "Любен Каравелов" Русе Читалня 2001-01-01 Читалня 1.50 631854 Ч 06/Б 43 120000631854 2 0.77 Книги Дата инв: 21.03.2017 Бележки инв: Ч2017
Vip Innovations Ltd, Rousse, Bulgaria 2025